Largest Cities in North Carolina - Statistics

General Stats
  • This quiz has been taken 95 times
  • The average score is 10 of 15
Answer Stats
Population (2012 Estimate) City % Correct
429,176 Raleigh
100%
775,202 Charlotte
99%
239,358 Durham
89%
227,080 Greensboro
88%
234,349 Winston-Salem
78%
84,458 Asheville
72%
202,103 Fayetteville
63%
109,922 Wilmington
60%
59,454 Chapel Hill
57%
106,586 High Point
53%
145,693 Cary
52%
87,242 Greenville
46%
72,723 Gastonia
36%
81,981 Concord
35%
69,220 Jacksonville
30%
No matching quizzes found
Score Distribution
Percent of People with Each Score
Percentile by Number Answered
Your Score History
You have not taken this quiz